| 000 | 01015cam a22002651i 4500 | ||
|---|---|---|---|
| 003 | SA-RiAUC | ||
| 005 | 20250318110636.0 | ||
| 008 | 250318s2011 su g 00000 ara c | ||
| 020 | _a9786038050729 | ||
| 040 |
_aSA-RiAUC _bara _cSA-RiAUC _erda |
||
| 082 | 0 | 4 |
_a253.907 _qSA-RiAUC |
| 090 |
_a253.907 _bح م ي |
||
| 100 | 1 |
_aالحمير، عبد العزيز بن محمد _eمؤلف. |
|
| 245 | 1 | 0 |
_aنظام الحجر المالي في الإسلام / _cعبد العزيز بن محمد بن الحمير. |
| 250 | _aالطبعة الأولى. | ||
| 264 | 1 |
_aالرياض : _bدار الصميعي للنشر والتوزيع، _c2011 |
|
| 300 |
_a312 صفحة ؛ _c24 × 17 سم |
||
| 336 |
_aنص _btxt _2rdacontent _3كتاب |
||
| 337 |
_aبدون وسيط _bn _2rdamedia |
||
| 338 |
_aمجلد _bnc _2rdacarrier |
||
| 563 | _aتجليد فني أبيض. | ||
| 650 | 7 |
_aالولاية على المال (فقه إسلامي) _2aucsh |
|
| 942 |
_2ddc _cBOOK |
||
| 949 |
_aSA-JeALM _d250318 _ukhaled123 _n1 |
||
| 999 |
_c6480 _d6480 |
||